Loreto College Library, Kolkata
WEBOPAC (ONLINE PUBLIC ACCESS CATALOGUE)

History of the later Roman empire (Record no. 8602)

MARC details
000 -LEADER
fixed length control field 00626nam a2200205Ia 4500
005 - DATE AND TIME OF LATEST TRANSACTION
control field 20230608091542.0
008 - FIXED-LENGTH DATA ELEMENTS--GENERAL INFORMATION
fixed length control field 131103s9999 xx 000 0 und d
040 ## - CATALOGING SOURCE
Original cataloging agency Loreto College
041 ## - LANGUAGE CODE
Language code English
082 ## - DDC | ডিউই
Classification number | বর্গসংখ্যা 937
Book Number | গ্রন্থাঙ্ক BUR
100 ## - MAIN ENTRY--PERSONAL NAME | মুখ্য সংলেখ - ব্যাক্তিনাম
Personal name | ব্যাক্তিনাম Bury,J.B.
245 ## - TITLE STATEMENT | অাখ্যা বিবরণী
Title | অাখ্যা History of the later Roman empire
Sub title | উপঅাখ্যা from the death of Theodosius I to the death of Justinian
Statement of responsibility | লেখকের দায়িত্বের বিবরণ J.B.Bury
260 ## - IMPRINT | প্রকাশনা ক্ষেত্র
Place of publication | প্রকাশ স্থান New York
Name of publisher | প্রকাশকের নাম Dover Publisations
Date of publication | প্রকাশ কাল 1958
300 ## - PHYSICAL DESCRIPTION |
Page / Vol. No | পৃষ্ঠা / খন্ড সংখ্যা xxv,471,16 p.
Other physical details | অনান্য বাহ্যিক বিবরণ ill.,maps,plans
504 ## - BIBLIOGRAPHY, ETC. NOTE
Bibliography, etc Includes bibliographical references
650 ## - SUBJECT ADDED ENTRY--TOPICAL TERM | বিষয় শিরোনাম - মূল বিষয়
Topical term | মূল বিষয় Ancient History
651 ## - SUBJECT ADDED ENTRY--GEOGRAPHIC NAME | বিষয় শিরোনাম - ভৌগলিক নাম
Geographic name | ভৌগলিক বিষয় Rome - Ancient History
850 ## - HOLDING INSTITUTION
Holding institution LCLIB
942 ## - ADDED ENTRY ELEMENTS (KOHA)
Koha item type Books
Holdings
Withdrawn status Lost status Source of classification Damaged status Not for loan Home library Current library Date acquired Total Checkouts Full call number Accession No. Date last seen Date checked out Price effective from Koha item type Coded location qualifier
    Dewey Decimal Classification     Loreto College Loreto College 04/11/2013 2 937 BUR 2579 B8477 25/05/2023 22/05/2023 04/11/2013 Books